000 00712cam a2200241 4500
001 B974
008 #DATE n1986 000 0 eng u
035 _a(Sirsi) u119292
041 _aeng
050 _a624.15
100 _aJohnson, Roger
245 _aFoundation problems associated with low-rise housing : Part 2
260 _aAscot, Berks
_bChartered Institute of Building
_c1986
300 _a8p.bill.
_c30cm.
350 _a10
490 _aTechnical Information Service
_v62
650 _aBUILDING FAILURES
650 _aBUILT ENVIRONMENT-BUILDING ELEMENTS-COMPLETE BUILDING ELEMENTS-FOUNDATIONS
650 _aHOUSE BUILDING
650 _aSOIL MECHANICS
650 _aSUBSIDENCE
942 _n0
999 _c102283
_d102283